Statistics for Unusual Celebrity Names Quiz

Click here to take the quiz!

General Stats

  • This quiz has been taken 44,550 times
    (44,475 since last reset)
  • The average score is 12 of 21

Answer Stats

First Name Last Name % Correct
TigerWoods
99%
MileyCyrus
96%
OprahWinfrey
95%
LebronJames
91%
WhoopiGoldberg
89%
ShaquilleO'Neal
88%
KobeBryant
83%
BeyonceKnowles
83%
UmaThurman
78%
TupacShakur
70%
Macaulay  Culkin
57%
ZinedineZidane
50%
ArsenioHall
45%
HarpoMarx
36%
CheechMarin
31%
MettaWorld Peace
30%
GeraldoRivera
30%
PlaxicoBurress
25%
LaDainian  Tomlinson
25%
PicaboStreet
21%
UsherRaymond
19%

Score Distribution

Percentile by Number Answered

Percent of People with Each Score

Your Score History

You have not taken this quiz since the last reset